000 00266nam a2200097Ia 4500
008 240331s9999 xx 000 0 und d
082 _bTOW
100 _aSalahuddin,K. ed
245 0 _aTowards Beijing and beyond :
_bwomen shaping policies in areas of concern
942 _cL
999 _c5520
_d5520